01230nam a22002297a 450000500170000000800410001702000180005804000070007604100080008308200160009110000150010724500450012225000060016726000620017330000290023536501000026452005620036465000210092665000140094765000210096165000180098220260417101531.0260417b |||||||| |||| 00| 0 eng d a9788123907901 cAL aeng a621.3bSHAV aD K Sharma aViva voce in electrical engineering Ed 5 a5 aNew DelhibCBS Publishers and Distrikbutors Pvt Ltdc2016 aviii,326pbPBc21.5x14cm 2Electronics and Communication EngineeringaVBI-2645b₹221.25c₹d₹295.00e25%f20-02-2026 aThis edition of the book covers a vast range of objective and viva voce questions from different angles to make the subject easy and understandable and activity-oriented. It aims at an integrated development in all ways of listening reading ancl writing to make learning most effective. Numerous carefully selected questions are added keeping in view the principle of learning ancl step-by-step grasping. It is earnestly hoped that the method of presentation employed in this book will fully serve the needs of the young engineers in electrical engineering. aEletrician Tools aMagnetism aElectromagnetism aAtomic Theory